| Tag |
First Indicator |
Second Indicator |
Subfields |
| LEADER |
00000cam a2200000 4500 |
| 001 |
in00000016644 |
| 005 |
20151007052826.0 |
| 008 |
720105s1971 gw a b 00100 eng |
| 010 |
|
|
|a 76159512
|
| 015 |
|
|
|a GDB***
|
| 020 |
|
|
|a 3527253483
|
| 035 |
|
|
|a (OCoLC)00227077
|
| 035 |
|
|
|9 AAA9337AM
|
| 040 |
|
|
|a DLC
|c DLC
|d TXA
|d UtOrBLW
|
| 041 |
1 |
|
|a eng
|a ger
|
| 049 |
|
|
|a TXAM
|c [A11486062]
|
| 050 |
0 |
0 |
|a QD305.E7
|b P413
|
| 082 |
0 |
|
|a 547/.03
|
| 100 |
1 |
|
|a Perst, Hartwig.
|
| 245 |
1 |
0 |
|a Oxonium ions in organic chemistry /
|c [Translated by Express Translation Service, London] /
|c Hartwig Perst.
|
| 264 |
|
1 |
|a Weinheim/Bergstr :
|b Verlag Chemie;
|a [New york] :
|b Academic Press,
|c 1971.
|
| 300 |
|
|
|a ix, 202 pages :
|b illustrations ;
|c 24 cm.
|
| 336 |
|
|
|a text
|b txt
|2 rdacontent
|
| 337 |
|
|
|a unmediated
|b n
|2 rdamedia
|
| 338 |
|
|
|a volume
|b nc
|2 rdacarrier
|
| 504 |
|
|
|a Includes bibliographies and indexes.
|
| 650 |
|
0 |
|a Oxonium ions.
|
| 999 |
|
|
|a MARS
|
| 999 |
f |
f |
|s bfa477c5-0107-3c46-9eb2-f30b145c0c65
|i 821d97ba-d263-3fa1-ba70-dfa8bec94fa3
|t 0
|
| 952 |
f |
f |
|p normal
|a Texas A&M University
|b College Station
|c Sterling C. Evans Library
|d Evans: Library Stacks
|t 0
|e QD305.E7 P413
|h Library of Congress classification
|i unmediated -- volume
|m A14811486062
|
| 998 |
f |
f |
|a QD305.E7 P413
|t 0
|l Evans: Library Stacks
|